How It Works Book of the Elements All about the Universe's Building Blocks

Salvato in:
Dettagli Bibliografici
Altri autori: Marsh, Katharine (Redattore)
Natura: Libro
Lingua:inglese
Pubblicazione: Bournemouth Future Publishing 2018
Edizione:9. vyd.
Serie:How to Works
Accesso online:Visualizza in OPAC
Tags: Aggiungi Tag
Nessun Tag, puoi essere il primo ad aggiungerne!!

MARC

LEADER 00000nam a2200000 a 4500
005 20260127134341.0
008 190311 2018 enka 001 0 eng d
020 |a 9781783898015 
035 |a vtls011845137 
039 9 |y 201903111116  |z mschk03 
040 |a STUSCHK1  |b slo  |c STUSCHK1  |e AACR2 
245 1 |a How It Works Book of the Elements  |b All about the Universe's Building Blocks 
250 |a 9. vyd. 
260 |a Bournemouth  |b Future Publishing  |c 2018 
300 |a 174 s.  |b iil.  |c 29,5 cm 
490 1 |a How to Works 
700 1 |a Marsh, Katharine  |4 edt. 
910 |a SCHK95 
919 |a 978-1-78389-801-5 
999 |c 10550  |d 10550